| 000 | 00423 a2200157 4500 | ||
|---|---|---|---|
| 001 | 63867 | ||
| 020 | _a8530803744 | ||
| 040 | _cAnchieta - Pituba | ||
| 100 | _aVeiga, Ilma Passos Alencastro | ||
| 240 | 1 | 0 |
_aProjeto político-pedagógico da escola _l |
| 245 | 1 | 0 | _aProjeto político-pedagógico da escola |
| 300 | _a192p. | ||
| 362 | 0 | _a1998 | |
| 650 | 4 | _aPolítica da educação pública e seus problemas | |
| 942 | _cBK | ||
| 999 |
_c63867 _d63867 |
||